000 00696cam a22002293a 4500
001 18760
003 PGUSA
005 20140828083411.0
008 060705s2006||||xxu|||||s|||||000 1 eng d
040 _aPGUSA
_beng
042 _adc
050 4 _aPZ
100 1 _aAris, Ernest A.
_q(Ernest Alfred),
_d1882-1963
245 1 0 _aWee Peter Pug :
_bThe Story of a Bit of Mischief and What Came of It
_h[electronic resource] /
_cErnest A. Aris
260 _bProject Gutenberg,
_c2006
506 _aPublic domain in the USA.
516 _aElectronic text
653 _aDogs -- Juvenile fiction
830 0 _aProject Gutenberg
_v18760
856 4 0 _uhttp://www.gutenberg.org/ebooks/18760
942 _cEB
999 _c248015
_d248015